000 00698nam a2200217 4500
005 20241117100106.0
020 _a978-2-85557-844-6
037 _aBC_729 11
_fbroch
040 _aBC-ENSA
_bfre
041 _afre
_bfre
080 _a591.613
100 _aGARCIA, Pauline
245 _aPetit guide illustré pour préparer son bovin aux concours agricoles
_bune approche éthologique
260 _aParis
_bEditions France agricole
_c2023
300 _a163 p.
_bill. en coul., couv. ill. en coul.
_c23 cm
490 _a2307
541 _cACHN
562 _e01 exemplaire(s)
650 _aELEVAGE/BOVIN/PRODUCTION ANIMALE/ENVIRONNEMENT
942 _c09
999 _c35962
_d63960